000 00279nam a2200121Ia 4500
008 231129s9999||||xx |||||||||||||| ||spa||
040 _bspa
082 _a891.7 K11m
100 _aKataiev Valentin P.
245 0 _aLos malversadores
264 _aSeix Barral
942 _2ddc
_cBKS
999 _c19808
_d19808